Every Connor Price Song - Statistics

General Stats
  • This quiz has been taken 249 times
    63 since last reset
  • The average score is 42 of 110
Answer Stats
Answer % Correct
Spinnin
86%
Trendsetter
80%
Still Hot
78%
Violet
76%
Buddy
71%
Drop
71%
UP!
71%
BENJAMIN BUTTON
65%
SPLAT
65%
Too Bad
61%
Too Bad (Acoustic)
61%
Customs
59%
DIP
59%
Jude's Song
59%
Too Easy
59%
Million Cash
57%
RUNAWAY
57%
Bankroll
55%
CROWN
55%
Gasoline
55%
Molly's Song
55%
Riptide
55%
Ruby
55%
John Wick
53%
Smoke
53%
AMG
51%
HOV (Remix)
51%
Tuesday
51%
Chuck Taylor
49%
Cubicle
49%
False Alarm
49%
Overnight
49%
PULL UP
49%
Straight A's
49%
Swordfish
49%
GOLDEN GOOSE
47%
Happier
47%
It's Going Down
47%
I Gave Everything
45%
Not A Beanie
45%
NOW WHAT?
45%
Blue Shell
43%
East Coast
43%
Chatter
41%
Chess
41%
Globe Cypher
41%
I Need Help
41%
NEW PHONE
41%
Back on Tour
39%
Can't Give Up
39%
Outside
39%
Rare Candy
39%
Stats
39%
Vroom
39%
You
39%
SLIP
37%
Smooth
37%
Start Again
37%
Unfair
37%
You Said
37%
EGOT
35%
Falling Behind
35%
Swing
35%
Tombstone
35%
Big Pockets
33%
Correct
33%
Easy
33%
Chirp
31%
Didn't Ask
31%
Double Check
31%
Grateful
31%
LET ME COOK
31%
Love Language
31%
Love Language (Acoustic)
31%
Starter Pistol
31%
These Days
31%
Summer Secret
29%
Gift and a Curse
27%
Hopeless
27%
Marathon
27%
'21 Raps
24%
Still Blue
24%
Pink Blue (Remix)
22%
Receipts
22%
Underdog
22%
Aces
20%
All Of The Above
20%
Courteney Cox
20%
Happy Face
20%
Miss You (When You're Gone)
20%
When You're Gone
20%
City Lights
18%
Happy Alone
18%
Let Go
18%
No Bad Side
18%
Roots
18%
The Usual
18%
Thrillin
18%
Just the Two of Us
16%
Toast
16%
Christmas In Vegas
14%
Nobodies
14%
Talk About Us
14%
The Birds
14%
No Visits
12%
Selfish
12%
Don't Tell Me
10%
Imposter Syndrome
10%
Midsummer Freestyle
10%
Eastern Ave Night Drive
8%
No matching quizzes found
Score Distribution
Percent of People with Each Score
Percentile by Number Answered
Your Score History
You have not taken this quiz since the last reset